| 000 | 00000nam##2200000za#4500 |
| 001 | 9.695738 |
| 003 | CaOODSP |
| 005 | 20230202144025 |
| 007 | cr ||||||||||| |
| 008 | 150407|1993||||xxc|||||o f|0| 0 eng|d |
| 040 | |aCaOODSP|beng |
| 043 | |an-cn--- |
| 086 | 1 |aH72-21/91-1993E-PDF |
| 110 | 2 |aNational Clearinghouse on Family Violence (Canada). |
| 245 | 14|aThe effects of media violence on children / |h[electronic resource]|cresearched and written by Jane E. Ledingham, C. Anne Ledingham and John E. Richardson. |
| 260 | |aOttawa - Ontario : |bHealth Canada. |c1993. |
| 300 | |a18p.|breferences |
| 500 | |aThe catalogue number (H72-21/91-1993E) and ISBN (0-662-20716-5) for the print edition have been incorrectly copied in this electronic publication. |
| 590 | |a12-15-Supp|b2012-04-13 |
| 720 | 1 |aLedingham, Jane E. |
| 720 | 1 |aLedingham, C. Anne |
| 720 | 1 |aRichardson, John E. |
| 775 | 08|tLa violence dans les médias : |w(CaOODSP)9.639862 |
| 776 | 0#|tThe effects of media violence on children / |w(CaOODSP)9.644780 |
| 856 | 40|ahttp://publications.gc.ca|qPDF|s1.74 MB|uhttps://publications.gc.ca/collections/Collection/H72-21-91-1993E.pdf |